[Event "11th American Continental Women 2018"]
[Site "Envigado"]
[Date "2018.11.23"]
[Round "8"]
[White "Fernandez, Maria Florencia"]
[Black "Besso, Guadalupe"]
[Result "1-0"]
[WhiteElo "2198"]
[BlackElo "2069"]
[Annotator "TA"]
[PlyCount "127"]
[EventDate "2018.11.17"]
[EventType "swiss"]
[EventRounds "9"]
[EventCountry "COL"]
[SourceTitle "playchess.com"]
[Source "ChessBase"]
[SourceQuality "1"]

{[%evp 29,127,27,22,27,21,23,29,29,36,40,36,31,37,28,29,0,32,16,31,12,37,0,0,0,0,0,21,1,65,49,49,49,49,49,107,76,68,12,39,0,127,0,0,0,0,-10,-3,-120,-10,-60,-45,-52,-56,-58,-5,-4,-4,-5,0,0,0,-8,-8,-8,0,0,13,13,13,13,63,63,63,63,63,63,63,63,63,63,63,63,496,482,482,475,475,475,467,206,29965,4602,29970,29971,29971,29973,29976,29976,29980,29977]} 1. d4 Nf6 2. c4 g6 3. Nc3 d5 4. Nf3 Bg7 5. Qb3 dxc4 6. Qxc4 O-O 7. e4 a6 8. Be2 b5 9. Qb3 c5 10. dxc5 Bb7 11. e5 {D97: Grünfeld: Russian System: 7 e4, replies other than 7...Bg4} Nfd7 12. Be3 Nxe5 13. Nxe5 Bxe5 14. Rd1 Qc7 15. Nd5 Bxd5 $1 {LiveBook: 8 Games} 16. Qxd5 Nc6 17. Bf3 Rac8 18. Qxc6 $1 Qxc6 19. Bxc6 Rxc6 {[#]} 20. Rd2 $146 f5 21. f4 Bb8 22. O-O Re6 23. Kf2 Re4 24. Kf3 e5 25. g3 exf4 26. gxf4 Rfe8 27. Rd3 Rc4 28. b3 Rc2 (28... Rce4 $11) 29. Rf2 $14 Rxf2+ 30. Bxf2 {[%mdl 4096] Endgame aiming for Rd7. KRB-KRB} Kf7 $1 31. Bh4 Rc8 (31... Ke6 $14) 32. b4 Ke6 33. Bg5 (33. Ra3 $14) 33... Bc7 34. Ke3 a5 {[#]} (34... h6 $1 $11 {keeps the balance.} 35. Bxh6 (35. Bh4 a5 $11) 35... Rh8) 35. a3 (35. Kd4 $1 $16) 35... axb4 $11 36. axb4 h6 37. Bh4 Ra8 38. Be1 (38. Bg3 $11) 38... Ra1 (38... g5 $17 39. Bg3 g4) 39. Bd2 g5 $1 40. Kf2 Ra2 41. Kf3 Rc2 ({Black should try} 41... g4+ $15 42. Kg3 Ra1) 42. fxg5 hxg5 43. Bxg5 Rxh2 44. Re3+ Kd5 45. Re7 Rh3+ 46. Ke2 Kc6 47. Rf7 f4 48. Bxf4 Bxf4 49. Rxf4 {KR-KR} Rb3 50. Rd4 Kc7 51. Kd2 Rh3 52. Kc2 Rh2+ 53. Kc3 Rh3+ 54. Rd3 Rh4 55. Rg3 {Rg7+ is the strong threat.} Rf4 $2 {[%mdl 8192]} (55... Rh6 $14) 56. Rg7+ $18 Kc8 57. Re7 Rh4 58. Re6 Rh3+ 59. Kd4 {Hoping for Rb6.} Rb3 $2 (59... Kc7 $18 60. Rb6 Rh4+ 61. Kc3 Rh3+ 62. Kb2 Rh2+ 63. Kb3 Rh3+ 64. Kc2 Rh2+ 65. Kb1 Rh1+ 66. Kb2 Rh2+ 67. Kb3 Rh3+ 68. Kc2 Rh2+ 69. Kd3 Rh3+ 70. Ke2 Rh7 71. Rxb5 Kc6) 60. Kd5 (60. c6 $142 Rxb4+ 61. Kc5 Rc4+ 62. Kb6 Kd8 63. Kb7 b4 {[#]} 64. Re4 $1 {[%mdl 576] Promotion} Rxe4 65. c7+ Ke7 66. c8=Q) 60... Rxb4 61. Kc6 {[%cal Re6e8] White mates.} Kd8 62. Kb7 Rh4 63. c6 Rh8 64. Re4 {Accuracy: White = 58%, Black = 36%.} 1-0

[Event "11th American Continental Women 2018"]
[Site "Envigado"]
[Date "2018.11.23"]
[Round "8"]
[White "Aliaga Fernandez, Ingrid Y"]
[Black "Gonzalez Ochoa, Yoana"]
[Result "1-0"]
[WhiteElo "2194"]
[BlackElo "2058"]
[Annotator "TA"]
[PlyCount "89"]
[EventDate "2018.11.17"]
[EventType "swiss"]
[EventRounds "9"]
[EventCountry "COL"]
[SourceTitle "playchess.com"]
[Source "ChessBase"]
[SourceQuality "1"]

{[%evp 17,89,1,0,-7,-9,-51,-54,-51,-51,-43,-13,-14,-13,-7,12,9,66,53,31,45,20,17,22,16,22,0,0,-2,-9,-17,-15,-12,-39,-25,0,0,0,0,0,0,0,-68,-57,-37,-13,-4,-6,-28,-21,-77,-81,-76,0,0,369,-52,0,-16,59,0,108,0,162,169,29991,5310,4133,4133,29983,29975,29991,29992,29992,29993]} 1. e4 e5 2. Nf3 Nc6 3. d4 exd4 4. Nxd4 Nf6 5. Nxc6 bxc6 6. e5 Qe7 7. Qe2 Nd5 8. c4 Nb6 9. b3 a5 {[%cal Ba7a5,Ba5b4][%mdl 32]} 10. Ba3 {C45: Scotch Game} Qe6 11. Qe3 $146 ({Predecessor:} 11. g3 a4 12. Bg2 axb3 13. axb3 Bxa3 14. Rxa3 Rxa3 15. Nxa3 O-O 16. O-O Re8 17. f4 f6 {1-0 (34) Nepomniachtchi,I (2714)-Bacrot,E (2718) Beijing 2014}) 11... Bb4+ 12. Bxb4 {Black is slightly better.} axb4 13. Bd3 O-O 14. O-O d5 {[%cal Rd5c4]} 15. Nd2 {[%cal Bb1d2,Bd2f3,Bf3d4][%mdl 32]} h6 16. f4 Re8 (16... Qe7 $11) 17. c5 $14 Nd7 18. Nf3 Qe7 19. Rfc1 Ra5 $1 {[%cal Rd7c5]} 20. Nd4 Bb7 21. Qg3 {aiming for Nf5.} Kh8 22. Bf5 Nxc5 23. Qh3 Ne6 24. Nxe6 $1 fxe6 25. Bc2 Rg8 26. Qh5 Qe8 $1 {[%cal Re8h5]} 27. Bg6 Qf8 $36 {[%mdl 2048] Black has the initiative.} 28. Rf1 Bc8 (28... Ba6 $5 29. Rf2 $8 Qc5 $11) 29. g4 (29. Rf2 $11) 29... Bd7 $1 $15 30. f5 {Threatens to win with f6.} exf5 31. gxf5 Be8 32. Rae1 Rxa2 {Black wants to play ...Bxg6.} 33. Kh1 (33. Bxe8 $11 Qxe8 34. Qh3) 33... Bxg6 $17 34. Qxg6 Qe8 (34... d4 $17 {Hoping for ...Rb2.} 35. Qxc6 d3) 35. Qg4 $11 {Qh3 is the strong threat.} Qe7 $2 {[%mdl 8192] [#]} (35... d4 $11 {and Black is okay.}) 36. Re3 $2 (36. Qh3 $1 $18 Qg5 37. f6) 36... c5 (36... Qd7 $15) 37. Qf4 Ra6 (37... c4 $11 38. f6 Qe6) 38. f6 $14 Qf7 (38... Qe6 $1 $11 {remains equal.}) 39. Rh3 (39. Rg3 $16 {And now fxg7+ would win.} g5 40. Qf5) 39... Kh7 $2 {[#]} (39... d4 $11) 40. Rg1 $1 $18 {[%cal Rg1g7]} Re6 $2 ({Worse is} 40... Kh8 41. Rhg3 $11) (40... g5 $18 41. Qf5+ Qg6 42. Qd7+ {[%mdl 64] Double Attack} Kh8 43. Qxd5 Ra2) 41. Rxg7+ (41. Qf5+ $142 Kh8 42. Rg6 Qxf6 43. exf6 Re1+ 44. Rg1 Rxg1+ 45. Kxg1 gxf6+ 46. Kf2) 41... Qxg7 42. fxg7 Rxg7 43. Qf5+ {White mates.} Reg6 44. Rg3 c4 45. e6 {Accuracy: White = 45%, Black = 41%.} 1-0

[Event "11th American Continental Women 2018"]
[Site "Envigado"]
[Date "2018.11.23"]
[Round "8"]
[White "Rivera, Ingris"]
[Black "Miranda Rodriguez, Tania"]
[Result "1-0"]
[WhiteElo "2188"]
[BlackElo "2246"]
[Annotator "ChessBase"]
[PlyCount "79"]
[EventDate "2018.11.17"]
[EventType "swiss"]
[EventRounds "9"]
[EventCountry "COL"]
[SourceTitle "playchess.com"]
[Source "ChessBase"]
[SourceQuality "1"]
[TimeControl "40/5400+30:1800+30"]

1. d4 {[%emt 0:00:00]} Nf6 {[%emt 0:00:00]} 2. c4 {[%emt 0:00:00]} c5 {[%emt 0:00:03]} 3. d5 {[%emt 0:00:00]} b5 {[%emt 0:00:07]} 4. cxb5 {[%emt 0:00:07]} a6 {[%emt 0:00:04]} 5. bxa6 {[%emt 0:00:21]} g6 {[%emt 0:00:20]} 6. Nc3 {[%emt 0:00:29]} Bg7 {[%emt 0:00:13]} 7. a7 {[%emt 0:00:07]} Rxa7 {[%emt 0:00:43]} 8. e4 {[%emt 0:00:08]} O-O {[%emt 0:01:30]} 9. f4 {[%emt 0:02:11]} e6 {[%emt 0:04:39]} 10. dxe6 {[%emt 0:04:07]} fxe6 {[%emt 0:03:10]} 11. Nf3 {[%emt 0:07:45]} Bb7 {[%emt 0:09:36]} 12. Qc2 {[%emt 0:09:47]} Nc6 {[%emt 0:30:39]} 13. Be3 {[%emt 0:20:28]} Nb4 {[%emt 0:16:36]} 14. Qb1 {[%emt 0:03:40]} d6 {[%emt 0:01:28]} 15. Be2 {[%emt 0:06:15]} Qa8 {[%emt 0:00:59]} 16. Nd2 {[%emt 0:04:26]} Nd7 {[%emt 0:02:58]} 17. Nb5 {[%emt 0:03:19]} d5 {[%emt 0:09:45]} 18. Nxa7 {[%emt 0:06:57]} Qxa7 {[%emt 0:00:05]} 19. a3 {[%emt 0:00:38]} Nc6 {[%emt 0:01:55]} 20. Bg4 {[%emt 0:04:14]} Nd8 {[%emt 0:03:19]} 21. O-O {[%emt 0:07:48]} d4 {[%emt 0:01:45]} 22. Bf2 {[%emt 0:01:04]} Rxf4 {[%emt 0:00:15]} 23. Be2 {[%emt 0:04:07]} Qa8 {[%emt 0:02:43]} 24. Bf3 {[%emt 0:02:42]} Ba6 {[%emt 0:01:16]} 25. Bg3 {[%emt 0:00:48]} Rf7 {[%emt 0:01:19]} 26. Re1 {[%emt 0:02:38]} Bh6 {[%emt 0:00:50]} 27. Nf1 {[%emt 0:00:39]} c4 {[%emt 0:02:03]} 28. b4 {[%emt 0:04:48]} Bb5 {[%emt 0:02:51]} 29. a4 {[%emt 0:01:49]} Bxa4 {[%emt 0:00:45]} 30. Bd1 {[%emt 0:01:40]} Nb6 {[%emt 0:00:10]} 31. Bxa4 {[%emt 0:00:27]} Nxa4 {[%emt 0:00:05]} 32. Qa2 {[%emt 0:00:22]} Ra7 {[%emt 0:01:35]} 33. Qxc4 {[%emt 0:01:16]} Bg7 {[%emt 0:01:56]} 34. e5 {[%emt 0:00:25]} Qb8 {[%emt 0:00:44]} 35. Qxd4 {[%emt 0:00:39]} Nc6 {[%emt 0:00:26]} 36. Qc4 {[%emt 0:00:47]} Nxb4 {[%emt 0:00:30]} 37. Qxe6+ {[%emt 0:00:36]} Kh8 {[%emt 0:00:17]} 38. Rec1 {[%emt 0:00:27]} Nb6 {[%emt 0:00:32]} 39. Rxa7 {[%emt 0:00:23]} Qxa7 {[%emt 0:00:04]} 40. Qe8+ {[%emt 0:00:00]} 1-0

[Event "11th American Continental Women 2018"]
[Site "Envigado"]
[Date "2018.11.23"]
[Round "8"]
[White "Ortiz Verdesoto, Anahi"]
[Black "Cori T., Deysi"]
[Result "0-1"]
[WhiteElo "2115"]
[BlackElo "2406"]
[Annotator "TA"]
[PlyCount "86"]
[EventDate "2018.11.17"]
[EventType "swiss"]
[EventRounds "9"]
[EventCountry "COL"]
[SourceTitle "playchess.com"]
[Source "ChessBase"]
[SourceQuality "1"]

{[%evp 9,86,-38,-37,-37,-37,-46,-30,-41,-35,-43,-30,-46,-26,-39,-35,-41,-35,-44,-20,-18,-41,-39,-30,-30,-32,-20,-27,-33,-34,-34,-12,-7,0,-37,-36,-43,-18,-17,-14,-18,-12,-41,-46,-46,-35,-34,-13,-15,-19,-21,-16,-13,-22,-39,-9,-12,-7,-27,-14,-34,-14,-146,-163,-333,-287,-283,-235,-559,-540,-741,-742,-543,-659,-1308,-1224,-29967,-6303,-29981,-29982]} 1. d4 Nf6 2. c4 e6 3. Nc3 d5 4. Qc2 (4. cxd5 Nxd5 5. e4 Nxc3 6. bxc3 c5 7. Rb1 Be7 8. Nf3 O-O 9. h4 cxd4 10. cxd4 Nc6 11. Bb5 a6 12. Bxc6 bxc6 13. h5 h6 14. Ne5 Bd6 15. O-O {½-½ (30) Yu,Y (2765)-Radjabov,T (2751) Batumi 2018}) 4... c5 5. cxd5 cxd4 6. Qa4+ {D35: Queen's Gambit Declined: Exchange Variation} Qd7 $146 ({Predecessor:} 6... Nbd7 7. Qxd4 Bc5 8. Qc4 exd5 9. Nxd5 Nxd5 10. Qxd5 Qa5+ 11. Kd1 Nf6 {0-1 (21) Day,T (2013)-Klundt,K (2318) Hofheim 2018}) 7. Qxd4 {next e4 is good for White.} Nc6 {[%mdl 64] [#] Pin} 8. Qd1 {Black has an edge.} exd5 9. e3 $1 Bb4 10. Nf3 O-O 11. Bd3 Qe7 {White must now prevent ...d4.} 12. O-O Bg4 13. Nb5 Rfe8 14. Nbd4 Ne4 15. h3 Bh5 16. Qb3 Bxf3 17. Nxf3 Rad8 18. Nd4 Nxd4 19. exd4 a6 20. Bf4 h6 21. Bxe4 dxe4 22. Rad1 Bd6 23. Bxd6 Rxd6 24. Rfe1 Qd7 25. Qe3 Ree6 26. Rd2 Rd5 27. Rc1 Qd6 28. Rc8+ Kh7 29. Rc5 f5 30. Rxd5 Qxd5 $11 {[%mdl 4096] Endgame KQR-KQR} 31. Qf4 Rg6 32. b3 Rd6 33. Qe3 b5 34. f3 Re6 35. f4 (35. Re2 $11) 35... Rc6 $17 36. a3 $2 {[#]} (36. b4) 36... Rc1+ 37. Kh2 Rb1 38. Rc2 $2 (38. Qc3 {is more resistant.}) 38... Rxb3 $19 39. Rc3 Rxc3 40. Qxc3 Qc4 41. Qb2 Qd3 42. Qb4 e3 43. Kg3 Qf1 {Accuracy: White = 33%, Black = 61%.} 0-1

[Event "11th American Continental Women 2018"]
[Site "Envigado"]
[Date "2018.11.23"]
[Round "8"]
[White "Cervantes Landeiro, Thalia"]
[Black "Castrillon Gomez, Melissa"]
[Result "1/2-1/2"]
[WhiteElo "2098"]
[BlackElo "2301"]
[Annotator "TA"]
[PlyCount "158"]
[EventDate "2018.11.17"]
[EventType "swiss"]
[EventRounds "9"]
[EventCountry "COL"]
[SourceTitle "playchess.com"]
[Source "ChessBase"]
[SourceQuality "1"]

{[%evp 13,158,29,31,-6,18,-27,-23,-21,-7,-6,-17,-68,-43,-47,-43,-71,-55,-73,-19,-43,-19,-78,-67,-75,-64,-75,-59,-71,37,36,46,45,45,43,29,37,47,44,39,45,32,35,32,15,33,36,70,13,88,13,26,21,158,158,129,0,0,-160,-147,-156,0,0,0,0,0,-116,-105,-132,-74,-64,-23,-17,-23,-23,-24,-31,-31,-17,-14,-153,-158,-292,-292,-291,-54,-59,-66,-66,-53,-62,-45,-66,-66,-66,-66,-66,-66,-66,-66,-66,-66,-66,-66,-66,-61,-59,-57,-68,-68,-68,-68,-69,-69,-69,-69,-69,-69,-69,-69,-69,-69,-69,-68,-68,-68,-68,-68,-68,-68,-68,-66,-66,0,-68,-68,-68,-66,-66,-66,-66,-66,-66,-66,-66,0,-66,-66]} 1. d4 d6 2. c4 e5 3. e3 Nc6 4. Nc3 g6 5. d5 (5. Nf3 Bg7 6. Be2 Nge7 7. d5 Nb8 8. h4 h6 9. h5 g5 10. Nd2 f5 11. e4 O-O 12. g4 fxg4 13. Bxg4 Bxg4 14. Qxg4 Rf4 {1-0 (60) Reinderman,D (2573)-L'Ami,E (2610) Dieren 2017}) 5... Nce7 6. Nf3 {A25: English Opening vs King's Indian with ...Nc6 but without early d3} Bg7 7. Be2 f5 {LiveBook: 4 Games} 8. Ng5 $146 {White is slightly better.} ({Predecessor:} 8. e4 Nf6 9. exf5 Nxf5 10. Ng5 O-O 11. O-O Qe7 12. Bd3 Bd7 13. f4 h6 14. fxe5 hxg5 15. e6 Nxd5 16. cxd5 Bd4+ 17. Rf2 Ng3 18. hxg3 Rxf2 {0-1 (18) Durakovic,A (2331)-Eisenbeiser,A (2366) Austria 2015}) 8... h6 9. Ne6 Bxe6 $1 10. dxe6 Qc8 11. c5 dxc5 12. Bc4 (12. e4 $11) 12... Nf6 (12... e4 {feels hotter.} 13. O-O b6 14. a4 c6 15. f3 Bxc3 16. bxc3 Nf6) 13. O-O O-O 14. a4 Rd8 15. Qc2 c6 ({Better is} 15... e4 $17) 16. f3 $11 Ne8 17. Ba2 (17. e4 $11) 17... Nc7 $17 18. e4 f4 (18... Nxe6 19. Qb3 $11) 19. Rd1 $1 {[%cal Rd1d7]} Rxd1+ 20. Nxd1 Qd8 (20... Nxe6 $6 21. Qc4 $11) (20... b6 $17) 21. Nf2 $14 Qd6 22. Bd2 Kh7 23. Rd1 Nxe6 {[#]} 24. Bb4 $1 {[%mdl 512]} Nd4 (24... cxb4 25. Rxd6) 25. Qxc5 Qxc5 26. Bxc5 Ng8 27. Nd3 $36 {[%mdl 3072] White has compensation. White has the initiative.} g5 28. a5 Bf6 29. Kf1 h5 30. Rd2 (30. a6 $14) 30... Nh6 (30... b6 $11 31. Bd6 Re8) 31. b4 ({White should play} 31. Bxd4 $16 exd4 32. h4) 31... Nb5 $11 32. Bc4 Nc3 (32... Kg6 $11 {keeps the balance.}) 33. Nb2 $1 $16 b6 34. axb6 ({White should try} 34. Rd7+ $16 Kg6 35. Bd6 (35. axb6 axb6 36. Bxb6 Ra1+ 37. Kf2 Rh1 $11)) 34... axb6 $11 35. Bxb6 $2 (35. Bf2 $11) 35... Ra1+ $17 36. Kf2 {[#]} Rb1 $2 (36... Ng4+ $1 $17 {[%mdl 512]} 37. fxg4 Nxe4+ {[%mdl 64] Double Attack} 38. Ke2 Nxd2 39. Kxd2 e4) 37. Rd7+ $11 Kg6 38. Nd3 {aiming for Rc7.} g4 {And now ...h4 would win.} 39. Bd8 (39. g3 $11 Nd1+ 40. Kg2) 39... h4 $1 $17 {( -> ...g3+)} 40. Ne1 {[#]} g3+ ({Much less strong is} 40... Rxb4 41. Bxf6 Kxf6 42. Rd6+ Kg5 43. Rxc6 $15) (40... h3 $142 $1 {Strongly threatening ...g3+!} 41. gxh3 (41. Rd6 $2 g3+ 42. hxg3 h2 $19) 41... Nd1+ 42. Rxd1 Rxd1 43. Bxf6 Kxf6 44. hxg4 Rd4) 41. hxg3 fxg3+ 42. Kf1 Bxd8 43. Rxd8 Rxb4 44. Rd6+ {[%mdl 64] Double Attack} Kg7 45. Rxc6 Rb2 46. Bd3 {[#]} (46. Nd3 $11 {remains equal.} Rd2 47. Rc7+ Kf6 48. Rh7) 46... Nd1 $1 {[%cal Rd1e3]} 47. Bc2 (47. Rc7+ $17 Kg6 48. Kg1) 47... Ne3+ $19 48. Kg1 Nxc2 $2 (48... Nf7 $19 {Hoping for ...h3!} 49. Rc7 Kf6) 49. Rxc2 {[%mdl 4096] Endgame KRN-KRN} Rb1 {[%cal Rb1e1]} 50. Kf1 Nf7 51. Rc5 Kf6 52. f4 exf4 {White must now prevent ...Ne5.} 53. Rf5+ Ke6 54. Rxf4 Ne5 55. Rxh4 Nd3 $1 {[%csl Gd3][%cal Rb1e1]} 56. Ke2 Nxe1 $15 {KRN-KR} 57. Rg4 Nxg2 58. Rxg3 Rb2+ 59. Kf3 Ne1+ 60. Kg4 Ke5 61. Re3 Rg2+ 62. Kh5 Nc2 63. Rc3 Nd4 64. Rc5+ Kf4 65. Kh6 Ne6 66. Ra5 Kxe4 67. Rb5 Nd4 68. Rg5 Nf5+ 69. Kg6 Ne7+ 70. Kf6 Nd5+ 71. Kg6 $1 Nf4+ 72. Kf6 Nd5+ 73. Kg6 $1 Ra2 74. Rg1 Nf4+ 75. Kf6 Ra6+ 76. Ke7 Kf5 77. Rf1 Ra7+ 78. Kd6 Ra6+ 79. Ke7 $1 Ke5 {Accuracy: White = 56%, Black = 62%.} 1/2-1/2

[Event "11th American Continental Women 2018"]
[Site "Envigado"]
[Date "2018.11.24"]
[Round "9"]
[White "Cori T., Deysi"]
[Black "Perez Rodriguez, Jennifer"]
[Result "1/2-1/2"]
[WhiteElo "2406"]
[BlackElo "2203"]
[Annotator "TA"]
[PlyCount "34"]
[EventDate "2018.11.17"]
[EventType "swiss"]
[EventRounds "9"]
[EventCountry "COL"]
[SourceTitle "playchess.com"]
[Source "ChessBase"]
[SourceQuality "1"]

{[%evp 16,17,29,20]} 1. d4 Nf6 2. Nf3 e6 3. g3 d5 4. c4 dxc4 5. Bg2 Nc6 6. Qa4 Bb4+ 7. Bd2 Nd5 8. Bxb4 Ndxb4 9. O-O {Predecessor:} Rb8 $146 10. Na3 O-O 11. Qb5 b6 12. Qxc4 Ba6 13. Nb5 Qe8 14. Rfc1 Nd5 15. Qxc6 Qxc6 16. Rxc6 Bxb5 17. Rc2 Rfc8 {½-½ (33) So,W (2780)-Caruana,F (2822) Saint Louis 2018} 1/2-1/2

[Event "11th American Continental Women 2018"]
[Site "Envigado"]
[Date "2018.11.24"]
[Round "9"]
[White "Llaudy Pupo, Lisandra"]
[Black "Aliaga Fernandez, Ingrid Y"]
[Result "*"]
[WhiteElo "2302"]
[BlackElo "2194"]
[Annotator "TA"]
[PlyCount "44"]
[EventDate "2018.11.17"]
[EventType "swiss"]
[EventRounds "9"]
[EventCountry "COL"]
[SourceTitle "playchess.com"]
[Source "ChessBase"]
[SourceQuality "1"]

{[%evp 31,32,25,48]} 1. e4 c5 2. Nf3 d6 3. d4 cxd4 4. Nxd4 Nf6 5. Nc3 a6 6. Be2 e6 7. O-O Be7 8. Be3 Qc7 9. f4 Nc6 10. Qe1 Nxd4 11. Bxd4 O-O 12. Qg3 b5 13. a3 Bb7 14. Rae1 Rad8 {B85: Sicilian Scheveningen: 6 Be2 a6, lines with early Be3} 15. Kh1 Rd7 16. Bd3 Re8 {[#] LiveBook: 226 Games} {Predecessor:} 17. Re2 $146 Qd8 18. Ref2 Bf8 19. Qh3 e5 20. fxe5 dxe5 21. Be3 Bc8 22. Bg5 Be7 {½-½ (83) Radjabov,T (2734)-Wang,Y (2720) Beijing 2014} *

[Event "11th American Continental Women 2018"]
[Site "Envigado"]
[Date "2018.11.24"]
[Round "9"]
[White "Castrillon Gomez, Melissa"]
[Black "Roca Rojas, Ana Flavia"]
[Result "1/2-1/2"]
[WhiteElo "2301"]
[BlackElo "2132"]
[Annotator "TA"]
[PlyCount "83"]
[EventDate "2018.11.17"]
[EventType "swiss"]
[EventRounds "9"]
[EventCountry "COL"]
[SourceTitle "playchess.com"]
[Source "ChessBase"]
[SourceQuality "1"]

{[%evp 15,83,-7,15,-39,-37,-31,-31,-28,-31,-30,10,6,5,4,49,61,61,48,33,17,28,17,80,58,69,61,94,79,75,77,79,62,80,80,79,68,76,79,75,42,35,40,51,24,42,34,52,45,97,110,145,0,0,0,0,0,0,0,0,0,0,0,0,0,0,0,46,0,0,0]} 1. Nf3 Nf6 2. d4 e6 3. g3 b5 4. Bg2 Bb7 5. O-O Be7 6. Nbd2 O-O {A46: 1 d4 Nf6 2 Nf3 e6: Torre, London and Colle Systems} 7. c4 bxc4 8. Nxc4 d5 {LiveBook: 3 Games} 9. Nfe5 (9. Na5 $11 Ba6 10. Bd2) 9... c6 $15 {[%cal Bc7c6,Bc6c5][%mdl 32]} 10. Nd2 c5 $146 ({Predecessor:} 10... Nbd7 11. Ndf3 c5 12. Be3 c4 13. Qc2 Nb6 14. Ng5 {½-½ (52) Erikson,R (2181)-Krejci,J (2503) Chennai 2011}) 11. b3 Nbd7 12. Bb2 Qb6 13. Nxd7 Nxd7 14. e4 c4 15. bxc4 {[%cal Re4d5]} dxe4 16. Rb1 {aiming for Ba3!} Qc7 17. Qe2 f5 18. f3 {[%cal Rf3e4]} Nf6 (18... Bb4 $11) 19. fxe4 Nxe4 20. Nxe4 fxe4 21. Qg4 ({But not} 21. Bxe4 $6 Bxe4 22. Qxe4 Qxc4 $11) 21... Bf6 22. Qxe6+ Kh8 23. c5 Rae8 24. Qc4 {d5 is the strong threat.} Qd7 25. Rbe1 Bd5 26. Qc3 Qc6 27. Bc1 Bxa2 28. Be3 Bd5 29. Ra1 Rf7 30. Rfb1 Ref8 31. Qa5 h5 (31... Qe6 $14) 32. Qa6 $16 Qc7 33. Qd6 (33. Qe2 $16 g6 34. Ra6) 33... Qxd6 $11 34. cxd6 {Black must now prevent Rb5.} Rd7 $1 35. Rb5 Rxd6 36. Rxa7 g6 37. h4 Re8 38. Kh2 Bg8 39. Rb4 Bd5 40. Bf4 Rde6 41. Be3 Rd6 42. Bf4 {Accuracy: White = 54%, Black = 57%.} 1/2-1/2

[Event "11th American Continental Women 2018"]
[Site "Envigado"]
[Date "2018.11.24"]
[Round "9"]
[White "Arribas Robaina, Maritza"]
[Black "Rodriguez Rueda, Paula Andrea"]
[Result "0-1"]
[WhiteElo "2257"]
[BlackElo "2275"]
[Annotator "TA"]
[PlyCount "97"]
[EventDate "2018.11.17"]
[EventType "swiss"]
[EventRounds "9"]
[EventCountry "COL"]
[SourceTitle "playchess.com"]
[Source "ChessBase"]
[SourceQuality "1"]

{[%evp 17,97,31,52,42,63,54,58,12,20,10,28,12,44,-15,-10,-13,-14,-28,65,0,0,0,40,35,68,59,65,59,59,59,60,60,67,61,60,41,53,0,0,0,0,0,41,49,67,86,77,59,60,28,28,0,0,0,0,0,0,-10,-7,-395,-418,-536,-205,-402,-395,-379,-237,-237,-237,-219,-226,-226,-210,-212,0,-72,0,-444,-260,-29991,734,-29994]} 1. e4 c5 2. Nf3 d6 3. Bb5+ Nc6 4. O-O Bd7 5. Re1 Nf6 6. h3 a6 7. Bf1 g6 8. c3 Bg7 9. d4 O-O 10. e5 {B31: Sicilian: 2...Nc6 3 Bb5 g6} dxe5 11. dxe5 Ne8 $1 12. Be3 $146 {White is slightly better.} ({Predecessor:} 12. Bf4 Nc7 13. Nbd2 Nd5 14. Bg3 Bf5 15. a4 Rc8 16. Nc4 b5 17. axb5 axb5 {½-½ (66) Vidit,S (2718)-Andriasian,Z (2591) chess.com INT 2018}) 12... b6 13. Bf4 Nc7 14. Nbd2 Bf5 15. a4 (15. Qe2 $14) 15... Bd3 16. Nc4 Bxf1 17. Kxf1 Nd5 (17... Ne6 $11 18. Bg3 Qc7) 18. Qd2 (18. Bg3 $14) 18... Nxf4 $11 19. Qxf4 b5 {And now ...Qd3+ would win.} 20. Ne3 bxa4 21. Rxa4 Qb8 {[%cal Rc6e5]} 22. Nc4 Qb5 23. Rea1 Rad8 24. Qe4 Rd1+ 25. Rxd1 Qxa4 26. Rd5 Na5 $1 {[%cal Ra5c4]} 27. Rxc5 (27. Nfd2 $14) 27... Nxc4 28. Qxc4 Qa1+ 29. Ne1 e6 30. b4 Bh6 31. Qd3 Bg5 {Threatens to win with ...Rd8.} 32. Qc2 {Black must now prevent Ra5.} Bd8 $1 33. Ke2 a5 34. bxa5 Bxa5 35. Qb3 {Strongly threatening Nc2.} Rd8 36. Nd3 Ra8 37. Qc4 Kg7 {...Bb6 is the strong threat.} 38. h4 $2 {[%mdl 8192]} (38. Kf3 $11) 38... Bb6 $19 39. Rb5 Ra4 $2 (39... Ra2+ 40. Kf3 Qf1 $1 {[%mdl 512]} 41. Rxb6 Rxf2+ $3 {[%mdl 512]} 42. Nxf2 (42. Ke3 {gets mated.} Re2+ 43. Kd4 Qg1+ 44. Nf2 Qxf2+ {[%mdl 64] Double Attack} 45. Kd3 Qe3#) 42... Qxc4) 40. Rb4 $2 (40. Qxa4 Qxa4 41. Rxb6) 40... Ra2+ 41. Kf3 Qf1 {( -> ...Qe2+)} 42. Qxa2 Qxd3+ {[%mdl 4160] Endgame Double Attack. KQR-KQB} 43. Kf4 Qf5+ 44. Kg3 Qxe5+ {[%mdl 64] Double Attack} 45. Rf4 Bc7 $2 (45... Qxc3+ $19 46. Kh2 Bc7) 46. Qd2 {[#]} (46. Qc4 $11) 46... h6 ({Black should try} 46... Qf6 $1 $17) 47. Kg4 $2 {[%mdl 8192]} (47. Kf3 $1 $11 {and White has nothing to worry.} Qh5+ 48. Rg4) 47... g5 (47... f5+ $142 48. Kf3 g5 49. hxg5 hxg5) 48. Rf3 $2 (48. hxg5 $19 hxg5 49. Rxf7+ Kxf7 50. Qxg5 Qe2+ 51. Kh3) 48... Qd5 $4 {[%mdl 8192]} (48... Qe4+ {and all is fine.} 49. Rf4 Qxg2+ 50. Kh5 gxf4 51. Qd3 f5 52. Qd4+ e5 53. Qd7+ Kf6 54. Qe7+ Kxe7 55. f3 Kf6 56. Kxh6 Qg6#) 49. Rf4 $4 {[%mdl 8192] Accuracy: White = 26%, Black = 46%.} (49. Qxd5 $18 exd5 50. hxg5) 0-1